Top 10 Oldest Living NFL Passing Yard Leaders - Statistics

General Stats
  • This quiz has been taken 24 times
    17 since last reset
  • The average score is 3 of 10
Answer Stats
Age QB % Correct
82 Fran Tarkenton
64%
78 Joe Namath
64%
86 John Brodie
36%
73 Ken Anderson
36%
87 Sonny Jurgensen
36%
82 John Hadl
29%
81 Roman Gabriel
29%
83 Charley Johnson
14%
97 Johnny Lujack
7%
72 Lynn Dickey
7%
No matching quizzes found
Score Distribution
Percent of People with Each Score
Percentile by Number Answered
Your Score History
You have not taken this quiz since the last reset